01590 2200433 4500001002100000005001500021035002000036007000300056008004100059020002200100040002200122082001400144084001600158090002000174090002200194100003600216245029900252250002900551300005800580650003400638700002500672700002800697700003100725700003100756700002700787700003300814700002100847700003100868700003400899700002900933850001200962041000800974504002500982264005301007336002101060337003001081338002301111990002201134INLIS00000000084653320190426103243 a0010-0419001392ta190426s2018 yoia g ind d a978-602-450-324-6 aYOPDYOGbinderda04223a361.1 a361.1 AHM i aDEP 361.1 AHM i aCB-D.11 2018-19270 aAhmad Shamsuri Muhamadepenulis10aIsu-isu sosial menghadapi dunia tanpa batas /cpenulis, Ahmad Shamsuri Muhamad, Ahmad Rusdi, Hazhira Qudsyi, Hesty Yuliasari, Nur Hasbuna Saleh, Siti Hajar Halili, Melati Sumari, Nur Pratiwi Noviati, Astinah, Olivia Dwi Kumala, Nita Trimulyaningsih; editor, Hamidah Sulaiman, Endah Puspita Sari aCetakan I, November 2018 axii, 360 halaman :bilustrasi, tabel, grafik ;c23 cm 4aSosial, Masalah, Bunga rampai0 aAhmad Rusdiepenulis0 aHazhira Qudsyiepenulis0 aNur Hasbuna Salehepenulis0 aSiti Hajar Haliliepenulis0 aMelati Sumariepenulis0 aNur Pratiwi Noviatiepenulis0 aAstinahepenulis0 aOlivia Dwi Kumalaepenulis0 aNita Trimulyaningsihepenulis0 aHamidah Sulaimaneeditor aYOPDYOG0 aind aTermasuk bibliografi31aYogyakarta :bUniversitas Islam Indonesia,c2018 2rdacontentateks 2rdamediaatanpa perantara 2rdacarrieravolume aCB-D.11/2018-1927